Odhad nákladov nezamestnanosti v podmienkach slovenskej ekonomiky

Kvantifikácia nákladov nezamestnanosti verejných rozpočtov na jedného nezamestnaného v SR.

Na minha lista:
Detalhes bibliográficos
Autor principal: Domonkos, Tomáš
Outros Autores: König, Brian, 1983-
Formato: Capítulo de Livro
Idioma:eslovaco
Assuntos:
Tags: Adicionar Tag
Sem tags, seja o primeiro a adicionar uma tag!

MARC

LEADER 00000naa a2200000 4500
001 0207114
005 20240502083518.2
041 0 |a slo 
044 |a CZ 
245 1 0 |a Odhad nákladov nezamestnanosti v podmienkach slovenskej ekonomiky  |c Tomáš Domonkos, Brian König 
520 |a Kvantifikácia nákladov nezamestnanosti verejných rozpočtov na jedného nezamestnaného v SR. 
610 2 0 |a Slovensko 
610 2 0 |a náklady 
610 2 0 |a rozpočty verejné 
610 2 0 |a nezamestnanosť 
610 2 0 |a nezamestnaní 
100 1 |a Domonkos, Tomáš 
700 1 |a König, Brian, 1983-